000 00299nam a22001097a 4500
008 160613b xxu||||| |||| 00| 0 eng d
020 _a0964615134
041 _aeng
080 _a618.2
245 _aClinical guidelines in family practice:
_cConstance R. Uphold; Mary Virginia Graham;
942 _2udc
_cBK
999 _c2472
_d2472